<?xml version="1.0" encoding="UTF-8"?>
<collection xmlns="http://www.loc.gov/MARC21/slim">
 <record>
  <leader>04191nam a2200457 i 4500</leader>
  <controlfield tag="001">elibro.ELB165280</controlfield>
  <controlfield tag="003">FINmELB</controlfield>
  <controlfield tag="005">20210613154205</controlfield>
  <controlfield tag="006">m     o  u        </controlfield>
  <controlfield tag="007">cr cn|||||||||</controlfield>
  <controlfield tag="008">210526s2019    sp      o     000 0 spa d</controlfield>
  <datafield tag="020" ind1=" " ind2=" ">
   <subfield code="a">9788498975093</subfield>
   <subfield code="q">(e-book)</subfield>
  </datafield>
  <datafield tag="020" ind1=" " ind2=" ">
   <subfield code="z">9788498975031</subfield>
  </datafield>
  <datafield tag="035" ind1=" " ind2=" ">
   <subfield code="a">(OCoLC)1257035818</subfield>
  </datafield>
  <datafield tag="040" ind1=" " ind2=" ">
   <subfield code="a">FINmELB</subfield>
   <subfield code="b">spa</subfield>
   <subfield code="e">rda</subfield>
   <subfield code="c">FINmELB</subfield>
  </datafield>
  <datafield tag="050" ind1=" " ind2="4">
   <subfield code="a">PQ8497.V35</subfield>
   <subfield code="b">V355 2019</subfield>
  </datafield>
  <datafield tag="080" ind1=" " ind2=" ">
   <subfield code="a">821.134.2(85)-1</subfield>
  </datafield>
  <datafield tag="082" ind1="0" ind2="4">
   <subfield code="a">861/.62</subfield>
   <subfield code="2">22</subfield>
  </datafield>
  <datafield tag="100" ind1="1" ind2=" ">
   <subfield code="a">Vallejo, César,</subfield>
   <subfield code="d">1892-1938.</subfield>
  </datafield>
  <datafield tag="240" ind1="1" ind2="0">
   <subfield code="a">Poems.</subfield>
   <subfield code="k">Selecciones</subfield>
  </datafield>
  <datafield tag="245" ind1="1" ind2="0">
   <subfield code="a">Poemas en prosa /</subfield>
   <subfield code="c">César Vallejo.</subfield>
  </datafield>
  <datafield tag="264" ind1=" " ind2="1">
   <subfield code="a">Barcelona :</subfield>
   <subfield code="b">www.linkgua-digital.com,</subfield>
   <subfield code="c">2019.</subfield>
  </datafield>
  <datafield tag="300" ind1=" " ind2=" ">
   <subfield code="a">1 recurso en línea (59 páginas)</subfield>
  </datafield>
  <datafield tag="336" ind1=" " ind2=" ">
   <subfield code="a">texto</subfield>
   <subfield code="b">txt</subfield>
   <subfield code="2">rdacontent/spa</subfield>
  </datafield>
  <datafield tag="337" ind1=" " ind2=" ">
   <subfield code="a">computadora</subfield>
   <subfield code="b">c</subfield>
   <subfield code="2">rdamedia/spa</subfield>
  </datafield>
  <datafield tag="338" ind1=" " ind2=" ">
   <subfield code="a">recurso en línea</subfield>
   <subfield code="b">cr</subfield>
   <subfield code="2">rdacarrier/spa</subfield>
  </datafield>
  <datafield tag="490" ind1="1" ind2=" ">
   <subfield code="a">Diferencias</subfield>
  </datafield>
  <datafield tag="505" ind1="0" ind2=" ">
   <subfield code="a">Créditos; Presentación; La vida; El buen sentido; La violencia de las horas; Lánguidamente su licor; El momento más grave de la vida; Las ventanas se han estremecido ... ; Voy a hablar de la esperanza; Hallazgo de La vida; Nómina de huesos; Una mujer de senos apacibles ... ; No vive ya nadie ... ; Existe un mutilado ... ; Algo te identifica; Cesa el anhelo ... ; ¡Cuatro conciencias ... ; Entre el dolor y el placer ... ; En el momento en que el tenista ... ; Me estoy riendo; He aquí que hoy saludo ... ; Lomo de las sagradas escrituras; Libros a la carta.</subfield>
  </datafield>
  <datafield tag="520" ind1=" " ind2=" ">
   <subfield code="a">César Vallejo es una de las voces poéticas más singulares de Latinoamérica. Desde sus inicios modernistas, abordará un tono intimista de fuerte carga social y con una honda preocupación por el desvalimiento y el sufrimiento de sus semejantes, y principalmente por los pueblos oprimidos, como el que conformaban los indígenas de su país. Su lenguaje va abriéndose a la experimentación, con diversos registros y con la peculiaridad de plasmar poéticamente una suerte de proceso anímico hermético, a la vez que cargado de reclamo de las libertades del individuo. En Vallejo es abundante, además, el uso.</subfield>
  </datafield>
  <datafield tag="520" ind1=" " ind2=" ">
   <subfield code="a">Poemas en prosa es el título de un grupo de poemas escritos por César Vallejo entre 1923 y 1929, reunidos por Georgette Vallejo, viuda del poeta, junto a otros poemas póstumos bajo el título de Poemas humanos (París, Les Editions des Presses Modernes au Palais Royal, 1939). Años después aparecieron por primera vez los Poemas en prosa en un grupo aparte, diferenciado del resto de los Poemas humanos, en la recopilación César Vallejo. Obra poética completa (Francisco Moncloa Editores, 1968, en otra edición de Georgette, al cuidado de Abelardo Oquendo) que reproducía en facsímil los manuscritos originales. Esta división, así como los títulos de los dos poemarios, fue sugerida por Georgette. Otras ediciones prefieren reunir los poemas póstumos de Vallejo en un solo grupo, a excepción del poemario España, aparta de mí este cáliz, que fue publicado en vida del poeta. Poemas en prosa está formado por un conjunto de 19 poemas, aunque algunos de ellos están escritos en verso y fueron incluidos en un mismo grupo por haber sido escritos entre los años 1923 y 1929. Según Georgette, Vallejo escribió la mayor parte de sus Poemas en prosa entre 1923 y 1924, y los corrigió en 1929 y tal vez en años siguientes. Los Poemas en prosa están aún marcados por la estética de su poemario, Trilce, pero son a la vez una exploración de lo que serán los Poemas humanos. El uso de la prosa pretende dar un tono más coloquial al lenguaje.</subfield>
  </datafield>
  <datafield tag="588" ind1=" " ind2=" ">
   <subfield code="a">Descripción basada en metadatos suministrados por el editor y otras fuentes.</subfield>
  </datafield>
  <datafield tag="590" ind1=" " ind2=" ">
   <subfield code="a">Recurso electrónico. Santa Fe, Arg.: elibro, 2021. Disponible vía World Wide Web. El acceso puede estar limitado para las bibliotecas afiliadas a elibro.</subfield>
  </datafield>
  <datafield tag="600" ind1="1" ind2="0">
   <subfield code="a">Vallejo, César,</subfield>
   <subfield code="d">1892-1938</subfield>
   <subfield code="x">Criticism and interpretation.</subfield>
  </datafield>
  <datafield tag="650" ind1=" " ind2="4">
   <subfield code="a">Poesía.</subfield>
  </datafield>
  <datafield tag="655" ind1=" " ind2="4">
   <subfield code="a">Libros electrónicos.</subfield>
  </datafield>
  <datafield tag="797" ind1="2" ind2=" ">
   <subfield code="a">elibro, Corp.</subfield>
  </datafield>
  <datafield tag="830" ind1=" " ind2="0">
   <subfield code="a">Diferencias.</subfield>
  </datafield>
  <datafield tag="856" ind1="4" ind2="0">
   <subfield code="u">https://elibro.net/ereader/unsbiblio/165280</subfield>
  </datafield>
  <datafield tag="950" ind1=" " ind2=" ">
   <subfield code="a">eLibro Cátedra</subfield>
  </datafield>
  <datafield tag="950" ind1=" " ind2=" ">
   <subfield code="a">eLibro Ficción</subfield>
  </datafield>
  <datafield tag="950" ind1=" " ind2=" ">
   <subfield code="a">eLibro Cátedra España</subfield>
  </datafield>
 </record>
</collection>
